000 01977nam0a2200397 4500
001 RU\NLR\BIBL_A\022684940
005 20260215051205.0
010 _a978-5-04-160816-3
_94000
035 _a(NLR Aleph) 022684940
090 _a13552528
_c13552528
100 _a20251210d2025 u y0rusy50 ca
101 1 _arus
_cfre
102 _aRU
105 _ay z 000yy
181 0 _ai4
_baxxe
182 0 _an
200 1 _aМозг серийного убийцы
_eреальные истории судебного психиатра
_e[от грубой жестокости до вампирских фантазий]
_fДаниэль Загури, Флоранс Ассулин
_g[перевод с французского З. Линник]
203 _aТекст
_bвизуальный
_cнепосредственный
210 _aМосква
_cЭксмо
_d2025
215 _a284, [1] с.
_d21
225 1 _aПортрет психопата
_eпрофайлер о серийных убийцах
300 _aЗагл. ориг.: L'énigme des tueurs en série / Daniel Zagury avec Florence Assouline
300 _aНа обл. авт.: Даниэль Загури, судебный психиатр
333 _a18+
454 0 _12001#$aL'énigme des tueurs en série$fDaniel Zagury avec Florence Assouline
_1700#1$aZagury$bD.$gDaniel
_1701#1$aAssouline$bF.$gFlorence
_tL'énigme des tueurs en série
_aZagury, Daniel
606 1 _aСудебная психиатрия
_jПопулярные издания
_yФранция
_92556623
_3RU\NLR\AUTH\6601725224
606 1 _aПреступники
_jПопулярные издания
_xИзучение личности
_92021332
_3RU\NLR\AUTH\66930276
686 1 _aР648я9
686 1 _aЮ947.1я9
686 1 _aХ883.3я9
700 1 _aЗагури
_bД.
_gДаниэль
701 1 _aАссулин
_bФ.
_gФлоранс
942 _cUNSPEC
980 _aNB